000 00400nam a2200169Ia 4500
003 OSt
005 20230926160619.0
008 230406s9999 xx 000 0 und d
020 _a9789387972391
082 _a303.4
_bSHAH
100 _aSHARMA, Krishna Dayal & others
245 0 _aHuman Values
260 _aJaipur
_bRBSA Publishers
300 _a160
650 _aSocial Science
942 _cBK
_2ddc
999 _c1612
_d1612